[Event "Asian Schools-ch 12th U13"]
[Site "Tehran"]
[Date "2016.07.13"]
[Round "5.2"]
[White "Thilakarathne, GM Harshana"]
[Black "Toufani, Kourosh"]
[Result "1-0"]
[WhiteElo "1964"]
[BlackElo "1892"]
[PlyCount "87"]
[EventDate "2016.07.11"]
[EventType "swiss"]
[EventRounds "9"]
[EventCountry "IRI"]
[SourceTitle "EXT 2024"]
[Source "ChessBase"]
[SourceDate "2023.10.10"]
[SourceVersion "1"]
[SourceVersionDate "2023.10.10"]
[SourceQuality "1"]

1. e4 d6 2. d4 Nf6 3. Nc3 c6 4. g3 g6 5. Bg2 Bg7 6. Nge2 0-0 7. 0-0 Nbd7 8. a4 Qc7 9. Be3 Rd8 10. h3 e5 11. Qd2 Nb6 12. b3 Qe7 13. Rad1 Bd7 14. a5 Nc8 15. f4 exd4 16. Bxd4 Ne8 17. Be3 f5 18. exf5 gxf5 19. Nd4 Nc7 20. Rfe1 Qf7 21. Kh2 Kh8 22. Nf3 Ne6 23. Ne2 d5 24. Ned4 Nc5 25. Ng5 Qg6 26. Nxc6 bxc6 27. Bxc5 h6 28. Nf3 Rg8 29. Qf2 Nd6 30. Ne5 Bxe5 31. Rxe5 Nf7 32. Re7 Rad8 33. Bxa7 Bc8 34. Rde1 h5 35. Bd4+ Kh7 36. Bb6 Rdf8 37. Bf1 h4 38. g4 Rg7 39. Bd4 fxg4 40. Qxh4+ Kg8 41. Bxg7 Kxg7 42. Bd3 Qd6 43. Qh7+ Kf6 44. Qg6# 1-0